Premenné ukazovatele štatistickej demografie podnikov

Základné údaje o vzniku a zániku podnikov, ich prežívaní a životnosti. Ukazovatele, ktoré sa zisťujú v demografii podnikov. Prvé výsledky štatistickýh údajov o demografii podnikov.

Enregistré dans:
Détails bibliographiques
Auteur principal: Bolgáč, Ján, 1959-
Format: Chapitre de livre
Langue:slovaque
Sujets:
Tags: Ajouter un tag
Pas de tags, Soyez le premier à ajouter un tag!

MARC

LEADER 00000naa$a2200000$$$4500
001 0198156
005 20240502073339.8
041 0 |a slo 
044 |a SK 
245 1 0 |a Premenné ukazovatele štatistickej demografie podnikov  |c Ján Bolgáč 
520 |a Základné údaje o vzniku a zániku podnikov, ich prežívaní a životnosti. Ukazovatele, ktoré sa zisťujú v demografii podnikov. Prvé výsledky štatistickýh údajov o demografii podnikov. 
610 2 0 |a podnik 
610 2 0 |a vývoj podniku 
610 2 0 |a rast podniku 
610 2 0 |a pokles podniku 
610 2 0 |a cyklus podniku životný 
610 2 0 |a štatistika demografická 
100 1 |a Bolgáč, Ján, 1959-